000 00895pam a2200253 a 4500
001 2976017
005 20250619140228.0
008 920312r19921989ilua b 000 0aeng
020 _a0830813101
050 1 0 _aBR1725.S267
_bA3 1992
082 0 0 _a248.8/6/092
_aB
_220
100 1 _aSanders, Becki Conway,
_d1961-
245 1 0 _aTrusting God in a family crisis /
_cBecki Conway Sanders & Jim & Sally Conway.
260 _aDowners Grove, Ill. :
_bInterVarsity Press,
_c[1992], c1989.
300 _a223, [1] p. :
_bill. ;
_c21 cm.
500 _aOriginally published: What God gives when life takes, 1989.
500 _a"Saltshaker books"--Back cover.
650 0 _aChristian biography
_zUnited States.
650 0 _aCancer
_xPatients
_zUnited States
_xBiography.
650 0 _aCancer
_xReligious aspects
_xChristianity.
700 1 _aConway, Jim.
700 1 _aConway, Sally.
942 _2lcc
_cBK
_n0
999 _c6600
_d6600